000 00605nam a2200181Ia 4500
003 GCL
008 140319s9999 xx 000 0 ara d
040 _aGCL /
_cGCL
082 0 4 _a415.1
_bف م
100 1 _aفخرالدين قبادة
245 1 0 _aالمورد النحوى الكبير نماذج من التحليل النحوى فى الاعراب والادوات والصرف /
_cفخرالدين قبادة
300 _a546 ص
490 _a
650 0 4 _aاللغة العربية
650 0 4 _aقواعد اللغة العربية
650 0 4 _aالنحو - الصرف
942 _2ddc
_cBK
999 _c44733
_d44733